[Event "Russian Championship B13 2016"]
[Site "Loo"]
[Date "2016.04.27"]
[Round "8.14"]
[White "Makhlin, Miron"]
[Black "Ter-Saakian, Grigorii"]
[Result "0-1"]
[WhiteElo "1788"]
[BlackElo "1921"]
[PlyCount "72"]
[EventDate "2016.04.20"]

1. d4 Nf6 2. Nf3 d5 3. c4 c6 4. cxd5 cxd5 5. Bf4 Nc6 6. e3 Qb6 7. Nc3 Bg4 8.
Be2 e6 9. O-O Be7 10. Ne5 Bxe2 11. Qxe2 O-O 12. Rfc1 Rac8 13. Na4 Qb4 14. Nxc6
bxc6 15. Nc5 Bxc5 16. Rxc5 Nd7 17. a3 Qb6 18. Rc3 c5 19. Rac1 Rc6 20. e4 dxe4
21. b4 c4 22. Rg3 f5 23. Qd2 Qb5 24. Bh6 Rf7 25. Qg5 g6 26. Qd8+ Nf8 27. h4 Qd5
28. Qb8 Qxd4 29. h5 e5 30. Qe8 Re6 31. Qc8 Rd6 32. hxg6 hxg6 33. Be3 Qd5 34.
Bc5 Rd8 35. Qa6 f4 36. Rg5 Qd1+ 0-1

[Event "Russian Championship B13 2016"]
[Site "Loo"]
[Date "2016.04.27"]
[Round "8.15"]
[White "Babakekhyan, Artem"]
[Black "Goren, Aleksandr"]
[Result "1-0"]
[WhiteElo "1846"]
[BlackElo "1777"]
[PlyCount "101"]
[EventDate "2016.04.20"]

1. Nf3 c5 2. c4 Nc6 3. Nc3 e5 4. g3 g6 5. Bg2 Bg7 6. O-O Nge7 7. d3 O-O 8. Rb1
d6 9. a3 a5 10. Nd2 Be6 11. Nd5 h6 12. e4 Rb8 13. f4 f5 14. Nf3 b5 15. Qc2 bxc4
16. Qxc4 Nxd5 17. exd5 Bf7 18. Nh4 Nd4 19. fxe5 Ne2+ 20. Kh1 Nxc1 21. Qxc1 Bxe5
22. Qxh6 Rxb2 23. Rxb2 Bxb2 24. Nxf5 Qf6 25. Ne3 Qe7 26. Nc4 Bg7 27. Qd2 a4 28.
Be4 Kh7 29. Kg2 Rb8 30. Qe2 Kh8 31. Qg4 Rf8 32. Rf4 Bh6 33. Rf3 Kg7 34. h4 Be8
35. Rxf8 Qxf8 36. h5 Qf6 37. Bxg6 Bxg6 38. Qxg6+ Qxg6 39. hxg6 Kxg6 40. Nxd6
Kf6 41. Kf3 Bf8 42. Nc4 Kf5 43. g4+ Kf6 44. Nb6 Ke7 45. Nxa4 Kd6 46. Nb6 Kc7
47. Nc4 Bh6 48. Ke4 Kd7 49. Kf5 Bc1 50. g5 Kc7 51. a4 1-0

[Event "Russian Championship B13 2016"]
[Site "Loo"]
[Date "2016.04.27"]
[Round "8.16"]
[White "Gabitov, Bulat"]
[Black "Esipenko, Aleksandr"]
[Result "0-1"]
[WhiteElo "1742"]
[BlackElo "1846"]
[PlyCount "80"]
[EventDate "2016.04.20"]

1. Nf3 d5 2. d4 c6 3. c4 e6 4. Qc2 f5 5. g3 Nf6 6. Bg2 Bd6 7. O-O O-O 8. Nc3
Ne4 9. Rb1 a5 10. a3 Bd7 11. c5 Bc7 12. Bf4 Bxf4 13. gxf4 Be8 14. e3 Bh5 15.
Ne5 Nd7 16. Nxd7 Qxd7 17. Nxe4 fxe4 18. f3 exf3 19. Bxf3 Bg6 20. Qe2 Bxb1 21.
Rxb1 b6 22. cxb6 Rfb8 23. Rf1 Rxb6 24. Rf2 Rab8 25. Rg2 Qe7 26. a4 Rxb2 27. Qe1
Rxg2+ 28. Bxg2 Qb4 29. Qh4 Qd2 30. Qg3 Rb1+ 31. Bf1 Rb3 32. Bh3 Qxe3+ 33. Qxe3
Rxe3 34. Bg4 Kf7 35. Kf2 Ra3 36. Ke2 Rxa4 37. Kd3 Rb4 38. h3 a4 39. Kc3 Rb1 40.
Kc2 Rb6 0-1

[Event "Russian Championship B13 2016"]
[Site "Loo"]
[Date "2016.04.27"]
[Round "8.17"]
[White "Rubtsov, Aleksandr"]
[Black "Khaliullin, Albert"]
[Result "1-0"]
[WhiteElo "1834"]
[BlackElo "1689"]
[PlyCount "83"]
[EventDate "2016.04.20"]

1. e4 e6 2. d4 d5 3. Nc3 Nf6 4. e5 Nfd7 5. f4 c5 6. Nf3 Nc6 7. Be3 cxd4 8. Nxd4
Bc5 9. Qd2 O-O 10. O-O-O a6 11. h4 Bxd4 12. Bxd4 b5 13. g4 b4 14. Ne2 a5 15. g5
a4 16. h5 b3 17. Kb1 bxa2+ 18. Ka1 Ba6 19. Nc1 Bxf1 20. Rdxf1 Qc7 21. Ne2 Nb6
22. Bc3 Nc4 23. Qd3 Qb7 24. g6 h6 25. Qg3 Rfb8 26. f5 exf5 27. gxf7+ Qxf7 28.
e6 Qb7 29. Rxf5 g5 30. Rhf1 d4 31. Nxd4 N6e5 32. Nf3 Ne3 33. Ne1 N5g4 34. Rf7
Nxf1 35. Qd3 Qxf7 36. exf7+ Kxf7 37. Qxf1+ Ke6 38. Qe2+ Kd5 39. Qxg4 Re8 40.
Nd3 Rac8 41. Kxa2 a3 42. Qd4+ 1-0

[Event "Russian Championship B13 2016"]
[Site "Loo"]
[Date "2016.04.27"]
[Round "8.18"]
[White "Breskanu, Nikita"]
[Black "Erokhin, Artem"]
[Result "0-1"]
[WhiteElo "1810"]
[BlackElo "1655"]
[PlyCount "126"]
[EventDate "2016.04.20"]

1. d4 Nf6 2. c4 g6 3. Nc3 d6 4. e4 Bg7 5. f3 Nfd7 6. Be3 Nc6 7. d5 Na5 8. Qd2
c5 9. Bh6 Bf6 10. f4 Qb6 11. Rd1 Kd8 12. b3 Qb4 13. Na4 Qxd2+ 14. Kxd2 Nb6 15.
Nxb6 axb6 16. g3 Bd4 17. Re1 f5 18. Nf3 Nxb3+ 19. axb3 Ra2+ 20. Kc1 Ra1+ 21.
Kc2 Ra2+ 22. Kd1 Ra1+ 23. Ke2 Ra2+ 24. Nd2 fxe4 25. f5 Bxf5 26. h3 Kc7 27. Be3
Rha8 28. g4 Bd7 29. Bg2 R8a3 30. Rb1 b5 31. Bxd4 cxd4 32. Bxe4 bxc4 33. Ke1 c3
34. Nf3 c2 35. Rc1 Rxb3 36. Nxd4 Re3+ 37. Kd2 Rxe4 38. Kd3 Re5 39. Nxc2 Bb5+
40. Kd4 Kd7 41. Nb4 Ra4 42. Kc3 Re3+ 43. Kd2 Re2+ 44. Kc3 Re3+ 45. Kd2 Rg3 46.
Rb1 Rg2+ 47. Kc3 Ra3+ 48. Kd4 Rd2+ 49. Ke4 Ra4 50. Ke3 Re2+ 51. Kf3 Rd2 52. Ke3
Re2+ 53. Kf3 Ra3+ 54. Kf4 Rf2+ 55. Kg5 Ba6 56. h4 Rg3 57. Nxa6 bxa6 58. Rb7+
Ke8 59. Re1 Rf5+ 60. Kh6 Rxg4 61. Rexe7+ Kf8 62. Rb8+ Kxe7 63. Kg7 Rf7+ 0-1

[Event "Russian Championship B13 2016"]
[Site "Loo"]
[Date "2016.04.27"]
[Round "8.19"]
[White "Terzyan, Nazar"]
[Black "Kataev, Aleksandr"]
[Result "0-1"]
[WhiteElo "1708"]
[BlackElo "1800"]
[PlyCount "84"]
[EventDate "2016.04.20"]

1. e4 e6 2. Nc3 d5 3. g3 Nf6 4. Bg2 c5 5. d3 Nc6 6. f4 Be7 7. Nf3 O-O 8. O-O
Qb6 9. e5 Ng4 10. h3 Nh6 11. Ne2 f6 12. b3 fxe5 13. fxe5 Nf7 14. Bb2 Qc7 15.
Re1 Nfxe5 16. Nxe5 Nxe5 17. Nf4 Bf6 18. Qe2 Nf3+ 19. Bxf3 Bxb2 20. Rab1 Bc3 21.
Rf1 Bd7 22. Kg2 Be5 23. Bg4 Rae8 24. Qf3 Bxf4 25. gxf4 Bc6 26. Qg3 Rf6 27. Rbe1
Qd6 28. Kh2 Ref8 29. Re2 Bd7 30. Ref2 Be8 31. Rg2 Rg6 32. Qh4 Rxf4 33. Bxe6+
Rf7+ 34. Kh1 Qxe6 35. Re1 Qc8 36. Rxg6 hxg6 37. Qg3 Bc6 38. Kg1 Qf5 39. Qe3 d4
40. Qg3 Qf3 41. Qh2 Rf5 42. h4 Rf4 0-1

[Event "Russian Championship B13 2016"]
[Site "Loo"]
[Date "2016.04.27"]
[Round "8.20"]
[White "Polyanskiy, Vladislav"]
[Black "Averyanov, Grigori"]
[Result "0-1"]
[WhiteElo "1873"]
[BlackElo "1716"]
[PlyCount "98"]
[EventDate "2016.04.20"]

1. d4 Nf6 2. c4 g6 3. Nf3 Bg7 4. Nc3 d5 5. e3 O-O 6. Bd3 c5 7. dxc5 Qa5 8. O-O
dxc4 9. Bxc4 Qxc5 10. Qe2 Bg4 11. Bb3 Nc6 12. h3 Bh5 13. Qc4 Qxc4 14. Bxc4 Bxf3
15. gxf3 Ne5 16. Be2 Rac8 17. e4 Nc4 18. Bxc4 Rxc4 19. Be3 a6 20. Rac1 e6 21.
b3 Rc6 22. Na4 Rfc8 23. Rxc6 Rxc6 24. Rc1 Rxc1+ 25. Bxc1 Nd7 26. Be3 Kf8 27.
Nc5 Nxc5 28. Bxc5+ Ke8 29. Ba3 Kd7 30. Kf1 Kc6 31. Ke2 Bd4 32. f4 f5 33. f3 Bg7
34. Kd3 Bh6 35. Bc1 e5 36. exf5 gxf5 37. Be3 exf4 38. Bd4 Kd5 39. Bc3 b5 40.
Bd4 Bf8 41. Bf2 Bg7 42. Bg1 Ke6 43. Ke2 Kf6 44. Bd4+ Kg6 45. Bxg7 Kxg7 46. b4
Kg6 47. a3 Kg5 48. Kf2 Kh4 49. Kg2 h6 0-1

[Event "Russian Championship B13 2016"]
[Site "Loo"]
[Date "2016.04.27"]
[Round "8.21"]
[White "Kulaev, Maxim"]
[Black "Rustamov, Sezqin"]
[Result "1/2-1/2"]
[WhiteElo "1966"]
[BlackElo "1732"]
[PlyCount "82"]
[EventDate "2016.04.20"]

1. d4 d5 2. Nf3 Nf6 3. c4 e6 4. g3 c6 5. Bg2 Bb4+ 6. Bd2 Be7 7. Qc2 O-O 8. O-O
Nbd7 9. Bf4 b6 10. Nbd2 Nh5 11. cxd5 Nxf4 12. gxf4 cxd5 13. Qa4 a6 14. Rfc1 b5
15. Qc2 Bb7 16. Qc7 Rb8 17. Nb3 Bc8 18. Ne5 Qxc7 19. Rxc7 Nxe5 20. fxe5 Bd8 21.
Rc2 Bb6 22. Rac1 Bd7 23. Nc5 Bxc5 24. Rxc5 Rfc8 25. Rc7 Kf8 26. R1c5 Rxc7 27.
Rxc7 Ke7 28. e4 dxe4 29. Bxe4 Rc8 30. Rc5 b4 31. Rxc8 Bxc8 32. f4 h6 33. Kf2
Bd7 34. Ke3 Bb5 35. h4 Bc4 36. b3 Bd5 37. Bxd5 exd5 38. f5 f6 39. Kf4 h5 40.
Ke3 Kd7 41. exf6 gxf6 1/2-1/2

[Event "Russian Championship B13 2016"]
[Site "Loo"]
[Date "2016.04.27"]
[Round "8.22"]
[White "Privalov, Igor"]
[Black "Zheleznov, Daniil"]
[Result "1-0"]
[WhiteElo "1864"]
[BlackElo "1567"]
[PlyCount "67"]
[EventDate "2016.04.20"]

1. e4 e6 2. d4 d5 3. Nc3 Bb4 4. e5 Ne7 5. a3 Ba5 6. b4 Bb6 7. Nf3 Nd7 8. Bd3
O-O 9. Bxh7+ Kh8 10. Bd3 g6 11. Bh6 Re8 12. Ng5 Kg8 13. Qf3 Nf5 14. Bxf5 exf5
15. O-O-O c6 16. g4 Nf8 17. h4 Be6 18. Bxf8 Kxf8 19. Nxe6+ fxe6 20. gxf5 gxf5
21. Rdg1 Re7 22. Qf4 Rf7 23. Qh6+ Ke7 24. Rg6 Qc8 25. Ne2 Kd7 26. Rxe6 Kc7 27.
Re7+ Kb8 28. Rxf7 a5 29. Rf8 Bd8 30. Qd6+ Ka7 31. e6 Bc7 32. Rxc8 Bxd6 33.
Rxa8+ Kxa8 34. h5 1-0

[Event "Russian Championship B13 2016"]
[Site "Loo"]
[Date "2016.04.27"]
[Round "8.23"]
[White "Kharitonov, Egor"]
[Black "Mishuris, Matvey"]
[Result "1/2-1/2"]
[WhiteElo "1782"]
[BlackElo "1784"]
[PlyCount "76"]
[EventDate "2016.04.20"]

1. d4 d6 2. Nf3 Nf6 3. c4 g6 4. Nc3 Bg7 5. Bg5 O-O 6. e3 Nbd7 7. h3 c6 8. Be2
Qc7 9. Bh4 e5 10. Bg3 Re8 11. c5 Bf8 12. Qc2 Qa5 13. cxd6 Bxd6 14. Qb3 Ne4 15.
Bc4 Rf8 16. Bh2 exd4 17. Bxd6 Nxd6 18. exd4 Nxc4 19. Qxc4 Re8+ 20. Kd2 Nb6 21.
Qc5 Qxc5 22. dxc5 Nc4+ 23. Kc2 Bf5+ 24. Kb3 Ne5 25. Nd4 Nd3 26. Nxf5 gxf5 27.
Kc2 Nxc5 28. Rhe1 Ne4 29. f3 Nxc3 30. Kxc3 f6 31. Rad1 Rxe1 32. Rxe1 Kf7 33.
Rd1 Ke6 34. Re1+ Kd6 35. Rd1+ Ke6 36. Re1+ Kd6 37. Rd1+ Ke6 38. Re1+ Kd6
1/2-1/2

[Event "Russian Championship B13 2016"]
[Site "Loo"]
[Date "2016.04.27"]
[Round "8.24"]
[White "Shadunts, Kirill"]
[Black "Belkov, Nikolay"]
[Result "1-0"]
[WhiteElo "1715"]
[BlackElo "1779"]
[PlyCount "73"]
[EventDate "2016.04.20"]

1. d4 f5 2. g3 g6 3. Bg2 Nf6 4. Nf3 Bg7 5. O-O d6 6. c4 O-O 7. Nc3 Nc6 8. d5
Ne5 9. Nxe5 dxe5 10. Qb3 Kh8 11. c5 Rb8 12. Rd1 Bd7 13. Bd2 Qe8 14. Be1 g5 15.
d6 exd6 16. cxd6 c6 17. Rac1 Qh5 18. Qc2 g4 19. Na4 f4 20. Nc5 Bf5 21. Qb3 Qf7
22. Qa3 a6 23. Bd2 Nh5 24. gxf4 Nxf4 25. Bxf4 exf4 26. Be4 Bxe4 27. Nxe4 Qe6
28. Nc5 Qxe2 29. Qb3 Rfd8 30. d7 Qe7 31. Qe6 Bf6 32. Rc4 h5 33. Rxf4 Bh4 34.
Rf5 Rf8 35. Rxh5+ Kg7 36. Qxg4+ Kf7 37. Rh7+ 1-0

[Event "Russian Championship B13 2016"]
[Site "Loo"]
[Date "2016.04.27"]
[Round "8.25"]
[White "Subatovich, Daniil"]
[Black "Tsyrendashiev, Bato"]
[Result "0-1"]
[WhiteElo "1763"]
[BlackElo "1687"]
[PlyCount "66"]
[EventDate "2016.04.20"]

1. e4 c5 2. c4 Nc6 3. Nc3 e6 4. Nf3 Nge7 5. d4 cxd4 6. Nxd4 Nxd4 7. Qxd4 Nc6 8.
Qd1 Bc5 9. Be2 O-O 10. O-O a6 11. a3 d6 12. b4 Bb6 13. Qb3 f5 14. exf5 Rxf5 15.
Bg4 Rxf2 16. Rxf2 Bxf2+ 17. Kxf2 Qh4+ 18. Kf1 Qxg4 19. Kg1 Qd4+ 20. Kh1 Bd7 21.
Bb2 Rf8 22. Rd1 Qf2 23. Rg1 Nd4 24. Qd1 e5 25. Ba1 Be6 26. Ne4 Qf4 27. Nxd6 Rf6
28. Qh5 Bd7 29. Bxd4 exd4 30. Qd5+ Be6 31. Qc5 Rh6 32. h3 Bxh3 33. g3 Bf1+ 0-1

[Event "Russian Championship B13 2016"]
[Site "Loo"]
[Date "2016.04.27"]
[Round "8.26"]
[White "Grankin, Alexey"]
[Black "Kozubov, Mikhail"]
[Result "1-0"]
[WhiteElo "1734"]
[BlackElo "1687"]
[PlyCount "115"]
[EventDate "2016.04.20"]

1. e4 e6 2. d4 d5 3. e5 c5 4. c3 Nc6 5. Nf3 Qb6 6. a3 cxd4 7. cxd4 Bd7 8. Nc3
Nge7 9. Na4 Qc7 10. Be3 Ng6 11. Rc1 Qd8 12. b4 a6 13. h4 a5 14. h5 Nge7 15. Nc5
Rb8 16. b5 Na7 17. a4 Nf5 18. Qd2 b6 19. Na6 Rc8 20. Bd3 Nxe3 21. fxe3 h6 22.
O-O Be7 23. Rxc8 Bxc8 24. Qc2 Bxa6 25. bxa6 O-O 26. Bb5 Qb8 27. Rc1 Rc8 28. Qb2
Bb4 29. Kf2 Rc7 30. Ne1 Bxe1+ 31. Kxe1 Qc8 32. Kd2 Rxc1 33. Qxc1 Qxc1+ 34. Kxc1
Kf8 35. Kc2 Ke7 36. Kd3 f6 37. e4 dxe4+ 38. Kxe4 f5+ 39. Kf4 Nc8 40. d5 exd5
41. Kxf5 Na7 42. Kg6 Kf8 43. Bd3 Nc6 44. Kf5 Nd4+ 45. Kf4 Nc6 46. Bb5 Na7 47.
Ke3 Ke7 48. Kd4 Ke6 49. g4 Nc8 50. Bc6 Ke7 51. Bb7 b5 52. axb5 a4 53. a7 a3 54.
a8=Q a2 55. Bxd5 Kd7 56. e6+ Kc7 57. Qb7+ Kd8 58. Qd7# 1-0

[Event "Russian Championship B13 2016"]
[Site "Loo"]
[Date "2016.04.27"]
[Round "8.27"]
[White "Radochin, Oleg"]
[Black "Pestryakov, Nikita"]
[Result "1-0"]
[WhiteElo "1729"]
[BlackElo "1659"]
[PlyCount "105"]
[EventDate "2016.04.20"]

1. e4 c6 2. d4 d5 3. Nc3 dxe4 4. Nxe4 Bf5 5. Ng3 Bg6 6. h4 h6 7. Nf3 Nd7 8. h5
Bh7 9. Bd3 Bxd3 10. Qxd3 Ngf6 11. Bd2 e6 12. O-O-O Be7 13. Ne4 Nxe4 14. Qxe4
Nf6 15. Qe2 Qd5 16. Kb1 Qe4 17. Qxe4 Nxe4 18. Be3 O-O 19. Ne5 Rad8 20. g4 c5
21. dxc5 Rxd1+ 22. Rxd1 Bxc5 23. Nd7 Rc8 24. Nxc5 Nxc5 25. Rd4 b6 26. b4 Na6
27. a3 Nb8 28. b5 e5 29. Rd5 f6 30. Kb2 Kf7 31. Kb3 Ke6 32. c4 Nd7 33. a4 e4
34. Rd4 Ne5 35. Kb4 Nd3+ 36. Ka3 Nc5 37. Rd5 Nb7 38. Kb4 Nd6 39. Rd4 Ke5 40.
Kc3 Rc7 41. f4+ Ke6 42. f5+ Ke7 43. Bf4 Rd7 44. Bxd6+ Rxd6 45. Rxe4+ Kd7 46.
Rd4 Rxd4 47. Kxd4 Kd6 48. Kd3 Kc7 49. Ke4 Kd8 50. Kd5 Kd7 51. c5 bxc5 52. Kxc5
Kc7 53. a5 1-0

[Event "Russian Championship B13 2016"]
[Site "Loo"]
[Date "2016.04.27"]
[Round "8.28"]
[White "Reva, Lev"]
[Black "Petrushin, Dmitriy"]
[Result "1-0"]
[WhiteElo "1495"]
[BlackElo "1699"]
[PlyCount "121"]
[EventDate "2016.04.20"]

1. c4 c5 2. Nc3 Nc6 3. g3 g6 4. Bg2 Bg7 5. Nf3 Nf6 6. d4 cxd4 7. Nxd4 Nxd4 8.
Qxd4 d6 9. O-O O-O 10. Bg5 h6 11. Bxf6 Bxf6 12. Qd2 Bg7 13. a3 Rb8 14. Rab1 b6
15. Nd5 Bb7 16. Nf4 Bxg2 17. Kxg2 Qd7 18. b4 Qa4 19. Qd3 Qc6+ 20. Kg1 Kh7 21.
h4 Kg8 22. Rfc1 Rb7 23. Rc2 Rfb8 24. Rbc1 e6 25. Rd1 Rd7 26. Rdd2 Rbd8 27. Qb3
h5 28. e3 Qf3 29. Qd3 Qc6 30. Qb3 Bh6 31. Ne2 Qb7 32. Nf4 Bxf4 33. exf4 d5 34.
c5 bxc5 35. Rxc5 Rc8 36. Rdc2 Rxc5 37. Rxc5 d4 38. Qd3 Kg7 39. f3 Qb8 40. Kf2
Qd6 41. Kg2 Qb6 42. Kf2 Qb7 43. Kg2 Rd5 44. Qe4 d3 45. Rxd5 Qxd5 46. Qxd5 exd5
47. Kf2 Kf6 48. Ke3 Ke6 49. Kxd3 Kd6 50. Kd4 a6 51. a4 f6 52. b5 a5 53. b6 Kc6
54. b7 Kxb7 55. Kxd5 Kb6 56. g4 f5 57. gxh5 gxh5 58. Ke5 Kc5 59. Kxf5 Kb4 60.
Kg6 Kxa4 61. f5 1-0

[Event "Russian Championship B13 2016"]
[Site "Loo"]
[Date "2016.04.27"]
[Round "8.30"]
[White "Gaglazov, Mikhail"]
[Black "Evseev, Andrew"]
[Result "1/2-1/2"]
[WhiteElo "1562"]
[BlackElo "1682"]
[PlyCount "87"]
[EventDate "2016.04.20"]

1. e4 e5 2. Nf3 Nc6 3. Bb5 a6 4. Bxc6 dxc6 5. Nc3 Bd6 6. d4 Qe7 7. dxe5 Bxe5 8.
Nxe5 Qxe5 9. f4 Qd6 10. Be3 Ne7 11. Qxd6 cxd6 12. O-O-O Kd7 13. Bc5 d5 14. Bxe7
Kxe7 15. exd5 Bg4 16. Rde1+ Kd6 17. h3 Bd7 18. dxc6 Bxc6 19. Re2 Rae8 20. Rhe1
Rxe2 21. Rxe2 Re8 22. Rxe8 Bxe8 23. Kd2 Bc6 24. g3 Bd7 25. g4 h5 26. Ne4+ Kd5
27. Nf2 hxg4 28. hxg4 f6 29. f5 Be8 30. Ke3 g6 31. Kf4 Kd4 32. c3+ Kd5 33. Ne4
g5+ 34. Ke3 Ke5 35. Nd2 Bf7 36. b3 Bd5 37. Nc4+ Bxc4 38. bxc4 b6 39. a4 Kd6 40.
Kd4 Kc6 41. c5 bxc5+ 42. Ke4 a5 43. c4 Kd6 44. Kd3 1/2-1/2

[Event "Russian Championship B13 2016"]
[Site "Loo"]
[Date "2016.04.27"]
[Round "8.32"]
[White "Donets, Nikolai"]
[Black "Egorov, Georgiy"]
[Result "0-1"]
[WhiteElo "1295"]
[BlackElo "1557"]
[PlyCount "102"]
[EventDate "2016.04.20"]

1. e4 e5 2. Nf3 Nc6 3. Bb5 a6 4. Ba4 Nf6 5. d3 Bc5 6. Nc3 d6 7. h3 h6 8. Be3
Bb4 9. a3 Ba5 10. O-O b5 11. Bb3 O-O 12. Ne2 d5 13. exd5 Nxd5 14. Bd2 Bb6 15.
Nc3 Be6 16. Re1 Nxc3 17. Bxc3 Bxb3 18. cxb3 f6 19. Qd2 Qd5 20. Qc2 Rf7 21. Rad1
Nd4 22. Nxd4 Bxd4 23. Bxd4 Qxd4 24. Re4 Qd6 25. Qc3 Re8 26. f4 Rfe7 27. fxe5
Rxe5 28. Rxe5 Qxe5 29. Qxe5 Rxe5 30. Rd2 Rd5 31. Kf2 Kf7 32. Ke3 Ke6 33. g4
Re5+ 34. Kd4 c5+ 35. Kc3 Re3 36. Rh2 Kd5 37. Kd2 Kd4 38. Kc2 Rxd3 39. Rd2 Rxd2+
40. Kxd2 g6 41. Ke2 c4 42. b4 c3 43. b3 f5 44. a4 f4 45. a5 c2 46. Kd2 f3 47.
Kxc2 f2 48. h4 f1=Q 49. h5 Qe2+ 50. Kb1 Kc3 51. Ka1 Qb2# 0-1

[Event "Russian Championship B15 1st league 2016"]
[Site "Loo"]
[Date "2016.04.27"]
[Round "8.1"]
[White "Avalyan, Artur"]
[Black "Chizho, Aleksandr"]
[Result "1-0"]
[WhiteElo "2021"]
[BlackElo "1893"]
[PlyCount "175"]
[EventDate "2016.04.20"]

1. e4 c5 2. Nf3 Nc6 3. d4 cxd4 4. Nxd4 e6 5. Nc3 Nf6 6. Ndb5 Bb4 7. a3 Bxc3+ 8.
Nxc3 d5 9. exd5 Nxd5 10. Nxd5 exd5 11. Be2 O-O 12. O-O Bf5 13. Bd3 Qd7 14. b3
Rfe8 15. Bb2 Rad8 16. Qd2 f6 17. Rad1 Kh8 18. Qf4 Bxd3 19. Rxd3 Re2 20. Rg3 Qf7
21. Rxg7 Kxg7 22. Qg4+ Qg6 23. Qxe2 Qe4 24. Qd2 Re8 25. Qg5+ Qg6 26. Qxd5 Qxc2
27. Qg5+ Qg6 28. Bxf6+ Kf7 29. Qxg6+ Kxg6 30. Bc3 Re2 31. Rc1 Kf5 32. f3 Kf4
33. Re1 Rc2 34. Re4+ Kf5 35. Rc4 Ke6 36. Re4+ Kf5 37. Bg7 Ra2 38. a4 Ra3 39. b4
Kg6 40. b5 Na5 41. Bf8 Ra2 42. Bc5 b6 43. Bd6 Nb7 44. Bb8 Nc5 45. Rg4+ Kf7 46.
Bxa7 Nd7 47. Rc4 Ke8 48. Rc6 Rxa4 49. Bxb6 Rb4 50. Rc8+ Kf7 51. Be3 Rxb5 52.
Rc7 Ke6 53. Rc6+ Kf7 54. Bd4 Rd5 55. Be3 Rb5 56. Kf2 Ne5 57. Rc7+ Kg6 58. Kg3
Nf7 59. Rc6+ Kg7 60. Bd4+ Kf8 61. Bf6 Ke8 62. Ra6 Rb4 63. Ra7 Rb6 64. Bd4 Rb5
65. Kf2 Rd5 66. Bc3 Rc5 67. Bb4 Re5 68. g4 Re6 69. Kg3 h6 70. Ra1 Ne5 71. Re1
Kf7 72. f4 Nc6 73. Rxe6 Kxe6 74. Bc3 Nd8 75. Kh4 Nf7 76. Kh5 Nd6 77. Kxh6 Ne4
78. Be1 Kf6 79. Bh4+ Kf7 80. g5 Nd6 81. g6+ Kg8 82. Kg5 Ne4+ 83. Kf5 Nd6+ 84.
Ke6 Ne8 85. f5 Ng7+ 86. Ke5 Ne8 87. f6 Nc7 88. Kd6 1-0

[Event "Russian Championship B15 1st league 2016"]
[Site "Loo"]
[Date "2016.04.27"]
[Round "8.2"]
[White "Stepanov, Andrey"]
[Black "Tyurin, Ilya"]
[Result "1/2-1/2"]
[WhiteElo "1922"]
[BlackElo "1860"]
[PlyCount "85"]
[EventDate "2016.04.20"]

1. e4 c5 2. Nf3 e6 3. d4 cxd4 4. Nxd4 a6 5. Bd3 Nf6 6. O-O e5 7. Nf3 Nc6 8. c4
h6 9. Nc3 Bc5 10. b3 d6 11. h3 O-O 12. Qe2 Nd4 13. Nxd4 Bxd4 14. Bb2 Bd7 15.
Rac1 Bc5 16. Rfd1 Qb8 17. a3 a5 18. a4 Bc6 19. Rc2 Ne8 20. Nd5 Nc7 21. Nxc7
Qxc7 22. Bc1 Qb6 23. Rb2 f5 24. Rf1 Bd4 25. Rc2 Qxb3 26. c5 d5 27. exd5 Bxd5
28. Bc4 Bxc4 29. Qxc4+ Qxc4 30. Rxc4 f4 31. Ba3 Rf6 32. Rb1 Ra7 33. Kf1 Rc6 34.
Bb2 Bxb2 35. Rxb2 Kf7 36. f3 Ke6 37. Rb5 g5 38. Ke2 Kf5 39. Rb1 h5 40. Kf2 Rg6
41. g4+ fxg3+ 42. Kxg3 h4+ 43. Kf2 1/2-1/2

[Event "Russian Championship B15 1st league 2016"]
[Site "Loo"]
[Date "2016.04.27"]
[Round "8.3"]
[White "Permin, Viktor"]
[Black "Mishin, Viacheslav"]
[Result "1/2-1/2"]
[WhiteElo "1930"]
[BlackElo "1949"]
[PlyCount "118"]
[EventDate "2016.04.20"]

1. d4 Nf6 2. c4 g6 3. Nf3 Bg7 4. g3 O-O 5. Bg2 d5 6. cxd5 Nxd5 7. O-O Nc6 8.
Nc3 Nxc3 9. bxc3 Bg4 10. Rb1 Na5 11. Qa4 c6 12. Ba3 b5 13. Qc2 Nc4 14. Bc5 Qc7
15. h3 Be6 16. Rfd1 Rfd8 17. Ng5 Bf5 18. e4 Bc8 19. e5 f6 20. exf6 exf6 21. Ne4
f5 22. Nd2 Be6 23. Re1 Re8 24. Nxc4 Bxc4 25. Qd2 Qd7 26. a3 a6 27. Rxe8+ Rxe8
28. Re1 Kf7 29. h4 Bh6 30. Qd1 Re6 31. Rxe6 Qxe6 32. Bf3 Bf8 33. Bxf8 Kxf8 34.
Qd2 Ke8 35. Qe3 Kd7 36. Qxe6+ Bxe6 37. Kf1 Kd6 38. Ke2 Bd5 39. Bxd5 Kxd5 40.
Kd3 a5 41. a4 h6 42. f3 Kd6 43. Kd2 Ke6 44. Kc2 Kd6 45. Kd2 bxa4 46. c4 a3 47.
Kc2 a4 48. Kb1 Kc7 49. Ka2 Kb6 50. Kxa3 Ka5 51. d5 cxd5 52. cxd5 Kb5 53. d6 Kc6
54. Kxa4 Kxd6 55. Kb4 Kd5 56. Kc3 g5 57. hxg5 hxg5 58. Kd3 Ke5 59. Ke3 f4+
1/2-1/2

[Event "Russian Championship B15 1st league 2016"]
[Site "Loo"]
[Date "2016.04.27"]
[Round "8.4"]
[White "Zhafyarov, Adel"]
[Black "Poliakov, Artem"]
[Result "1-0"]
[WhiteElo "1899"]
[BlackElo "2168"]
[PlyCount "97"]
[EventDate "2016.04.20"]

1. d4 g6 2. Bf4 Bg7 3. e3 d6 4. Nf3 Nd7 5. c3 e5 6. Bg3 Qe7 7. Be2 Nh6 8. h3 c6
9. O-O f5 10. Na3 Nf7 11. Nc4 e4 12. Nfd2 O-O 13. Qb3 d5 14. Na3 Nb6 15. c4 g5
16. cxd5 Nxd5 17. Bc4 Be6 18. Bh2 a6 19. Qd1 b5 20. Bxd5 Bxd5 21. Nb3 Nd6 22.
Qc1 Nb7 23. Qd2 Qf7 24. f4 gxf4 25. Bxf4 Bxb3 26. axb3 Qxb3 27. Rab1 Rad8 28.
Qf2 c5 29. Nc2 Qe6 30. Kh1 c4 31. Rg1 Kh8 32. Kh2 Rd7 33. g4 fxg4 34. Rxg4 Bh6
35. Rf1 Rdf7 36. Qg3 Bxf4 37. exf4 Nd6 38. Rg1 Rf6 39. Ne3 Nf5 40. Nxf5 Rxf5
41. Rg7 Rh5 42. f5 Qd5 43. Rd7 Rxh3+ 44. Kxh3 Qxf5+ 45. Qg4 h5 46. Qxf5 Rxf5
47. Rg6 e3 48. Rxa6 Rf8 49. Re6 1-0

[Event "Russian Championship B15 1st league 2016"]
[Site "Loo"]
[Date "2016.04.27"]
[Round "8.5"]
[White "Marchuk, Rostislav"]
[Black "Suvorov, Aleksandr"]
[Result "1-0"]
[WhiteElo "2039"]
[BlackElo "1907"]
[PlyCount "87"]
[EventDate "2016.04.20"]

1. d4 d5 2. Bf4 Nf6 3. e3 c5 4. c3 Nc6 5. Nf3 Qb6 6. Qb3 c4 7. Qxb6 axb6 8. Na3
Ra5 9. Bc7 e6 10. Nc2 Kd7 11. Bg3 b5 12. a3 Ne4 13. Nd2 Nxg3 14. hxg3 Kc7 15.
e4 Bd7 16. O-O-O Ra8 17. Be2 Ne7 18. Ne3 Bc6 19. e5 f6 20. f4 Be8 21. Bg4 Ra6
22. exf6 gxf6 23. f5 h5 24. fxe6 Bh6 25. Nf5 Nxf5 26. Bxf5 Rg8 27. g4 Bg6 28.
Bxg6 Rxg6 29. Rde1 Ra8 30. Rxh5 Kd6 31. Kd1 Re8 32. Nf3 Bf4 33. Nh4 Rxg4 34.
Nf5+ Kc6 35. Re2 Bg5 36. g3 Re4 37. Rxe4 dxe4 38. e7 Kd5 39. Rh7 Rg8 40. Ng7 f5
41. e8=Q Rxe8 42. Nxe8 e3 43. Rxb7 Ke4 44. Ke2 1-0

[Event "Russian Championship B15 1st league 2016"]
[Site "Loo"]
[Date "2016.04.27"]
[Round "8.6"]
[White "Badalian, Daniel"]
[Black "Novikov, Roman"]
[Result "0-1"]
[WhiteElo "1898"]
[BlackElo "2021"]
[PlyCount "136"]
[EventDate "2016.04.20"]

1. e4 c6 2. d4 d5 3. Nc3 dxe4 4. Nxe4 Bf5 5. Ng3 Bg6 6. Bc4 Nf6 7. N1e2 Nbd7 8.
h4 h6 9. Nf4 Bh7 10. O-O e6 11. Re1 Be7 12. Bxe6 fxe6 13. Nxe6 Qa5 14. Qe2 Kf7
15. Bd2 Bb4 16. Nc7 Qxc7 17. Qe6+ Kf8 18. Bxb4+ c5 19. Qe7+ Kg8 20. Qe6+ Kf8
21. Qe7+ Kg8 22. Nh5 Nxh5 23. Qe6+ Kf8 24. dxc5 Qc6 25. Qe7+ Kg8 26. Re6 Qd5
27. Rd6 Qe4 28. Rxd7 Qxe7 29. Rxe7 Rb8 30. Rd1 Nf6 31. Bc3 Bxc2 32. Rd2 Bf5 33.
Be5 Rc8 34. Bxf6 gxf6 35. Rxb7 Rh7 36. Rxh7 Kxh7 37. b4 Rc6 38. f3 Ra6 39. b5
Ra5 40. Rd6 Rxb5 41. Rxf6 Rxc5 42. Rf7+ Kg6 43. Rxa7 Rc2 44. g4 Bd3 45. Rd7 Bb5
46. Rd5 Bc6 47. Rd6+ Kg7 48. g5 h5 49. f4 Be4 50. a4 Ra2 51. Rd4 Bc6 52. Rc4
Bxa4 53. f5 Bd7 54. Rc5 Kf7 55. Rd5 Bc6 56. Rd6 Rc2 57. Rf6+ Ke7 58. Re6+ Kd7
59. Rh6 Bf3 60. Rh7+ Kd6 61. g6 Ke5 62. Rf7 Bd5 63. Rd7 Be4 64. Rh7 Kf4 65.
Rxh5 Kf3 66. Rg5 Rc1+ 67. Kh2 Kf4 68. Rg1 Rc2+ 0-1